000
00378nam a22001097a 4500
082
_a
89.433/TIW/N
100
_a
तिवारी,अमोल आनंद
_9
83689
245
_a
मायालोक AI का कल्कि स्वरूप
260
_a
भोपाल
_b
मंजुल कथाकार
_c
2025
650
_a
उपन्यास
942
_c
HIN
999
_c
68637
_d
68637